| 000 | 00478nam a22001817a 4500 | ||
|---|---|---|---|
| 003 | CEME | ||
| 005 | 20210628202751.0 | ||
| 008 | 210127b xxu||||| |||| 00| 0 eng d | ||
| 020 | _a81-203-1955-9 | ||
| 040 | _c. | ||
| 082 | _a621.815 SHA | ||
| 100 |
_aSharma, C.S : Purohit, Kamlesh _961515 |
||
| 245 | _aDesign machine elements | ||
| 260 |
_aNEW DELHI _bPRENTICE HALL OF INDIA _c2003 |
||
| 300 | _aXII,766P | ||
| 650 |
_aDESIGN MACHINE ELEMENTS _961516 |
||
| 942 |
_cBK _2ddc |
||
| 999 |
_c570945 _d570945 |
||